000
00251nam a2200097Ia 4500
001
762342
005
20250826165224.0
008
250824s9999 xx 000 0 und d
245
0
_a
HALİME KAPTAN
_c
RIFAT ILGAZ
260
_b
TÜRKİYE İŞ BANKASI YAYINLARI
999
_c
762342
_d
762342